000 01436cam a22003974i 4500
003 PE-LiUPU
005 20250731184052.0
008 161007s r 000 0 spa d
035 _a(Sirsi) a164057
040 _aPE-LiUPU
_bspa
_cPE-LiUPU
_erda
041 1 _aspa
_hita
049 _aPRUA
082 0 4 _a808.8
_bC17
_220
100 1 _aCalvino, Italo,
_eautor.
245 1 3 _aEl barón rampante /
_cItalo Calvino.
264 _aEspaña :
_bPlaneta de Agostini,
_c2003.
300 _aXXIX, 273 páginas ;
_c21 centímetros
336 _atext
_2rdacontent
337 _aunmediated
_2rdamedia
338 _avolume
_2rdacarrier
505 0 _aEl barón rampante.
526 _aP145
526 _aP127
526 _aP97
526 _aP14
526 _aP07
534 _pTítulo original :
_tIl barone rampante.
650 1 4 _aNovelas italianas.
910 _ajck
_bncf
_cncf
_d20161007
942 _2ddc
_cBOOK
949 _a808.8 C17
_wDEWEY
_c1
_i75095
_lCCODEBUL1
_mBUL
_p13.01
_r0
_sY
_tBOOK
_u2016-10-07
_xEDUCACION
_PP20
_0DONACION
_o.STAFF. Colección Ciencias Humanas y Educación
994 _aC0
_bPEPRU
596 _a1
999 _a808.8 C17
_wDEWEY
_c12914
_i75095
_f2021-11-5
_g5
_lCCODEBUL1
_mBUL
_p13.01
_r0
_sY
_tBOOK
_u2016-10-7
_xBIBLIOTECA
_PP20
_0COMPRA
_o.STAFF. Colección Ciencias Humanas y Educación
_d12914
980 _81
_gALBERTO SANCHEZ Responsable de Automatización